Missing Word: 3-Letter Movies (A-Z) Quiz Stats

Quiz Updated Jul 31, 2015

Challenge
Share
Tweet
Embed
Score 0/26 Timer 03:00
0 Plays Today
Hint Answer % Correct
Are We There ___?Yet
98.5%
Apocalypse ___Now
98%
___ Max: Fury RoadMad
97.8%
Live and ___ DieLet
97.6%
For a ___ Dollars MoreFew
97%
A Bridge ___ FarToo
96.7%
We Bought a ___Zoo
95.5%
Ben-___Hur
95%
Horton Hears a ___!Who
94.7%
Peter ___Pan
94.5%
___ AgeIce
94.5%
___ CitySin
93.1%
___ AirCon
93%
Hint Answer % Correct
Mighty ___ YoungJoe
91.8%
All About ___Eve
91.3%
___ SchoolOld
90.5%
___ LargoKey
90.3%
___ WilderVan
86.4%
___ in the HoleAce
85.5%
Logan's ___Run
85.4%
What About ___?Bob
84%
City of ___God
76.2%
___ VadisQuo
69.9%
___: State of the UnionxXx
69.5%
___ in Real LifeDan
64.1%
McFarland, ___USA
61.6%

Today's Daily Dose

Word Ladder
'90s Movies

Quick Pick
'Fire' Movies

On This Day
June 19th II

You're not logged in!

Compare scores with friends on all Sporcle quizzes.
Join for Free
OR
Log In

You Might Also Like...

Show Comments

Extras

Top Quizzes Today


Score Distribution

Your Account Isn't Verified!

In order to create a playlist on Sporcle, you need to verify the email address you used during registration. Go to your Sporcle Settings to finish the process.

Report this User

Report this user for behavior that violates our Community Guidelines.

Details: